Fil desfilat : enfilant paraules per teixi un conte... / enfilant paraules per teixi un conte... /
ISBN:
9788412573008
Descripción Física:
50 pàgines no numerades: il·lustracions en color ; 20 x 20 cm
Otros Autores:
Cuxart, Bernadette
Idioma:
Catalán
MARC
| LEADER | 00000nam a2200000 a 4500 | ||
|---|---|---|---|
| 001 | 27386 | ||
| 003 | Arxiu | ||
| 005 | 20260324181153.0 | ||
| 008 | 230222s2022 spca|||b ||||s00| 1 cat c | ||
| 017 | |a DL B. 12480-2022 | ||
| 020 | |a 9788412573008 | ||
| 040 | |a AGDB | ||
| 041 | 0 | |a cat | |
| 100 | 1 | |a Burgos, Laia |e autor |9 55804 | |
| 245 | 1 | 0 | |a Fil desfilat : |b enfilant paraules per teixi un conte... / |c text: Laia Burgos ; il·lustracions: Bernadette Cuxart |
| 250 | |a Primera edició | ||
| 260 | |a Berga : |b Ajuntament de Gironella, |c juny 2022 | ||
| 300 | |a 50 pàgines no numerades: |b il·lustracions en color ; |c 20 x 20 cm | ||
| 650 | 0 | |a Gegants |x Folklore |9 55805 | |
| 651 | 0 | |9 50844 |a Gironella | |
| 655 | 0 | |a Contes infantils |9 67183 | |
| 700 | 1 | |a Cuxart, Bernadette |e il·lustracions |9 55806 | |
| 710 | |9 55028 |a Gironella (Catalunya). |b Ajuntament |e entitat editora | ||
| 942 | |2 udc |c ARXIU |n 1 | ||
| 952 | |0 0 |1 0 |4 0 |6 BIB1052 |7 1 |9 65331 |a Arxiu |b Arxiu |d 2023-02-22 |o Bib-1052 |p 27386 |r 2023-02-22 00:00:00 |w 2023-02-22 |y ARXIU | ||
| 999 | |c 83082 |d 83082 | ||